[Event "Al Ain Amateur op 4th"]
[Site "Al Ain"]
[Date "2015.12.27"]
[Round "6"]
[White "Hamdan, Marshool"]
[Black "Alur, Varun"]
[Result "1-0"]
[WhiteElo "1998"]
[BlackElo "1380"]
[PlyCount "70"]
[EventDate "2015.12.23"]
[EventType "swiss"]
[EventRounds "9"]
[EventCountry "UAE"]
[SourceTitle "CBM 170 Extra"]
[Source "ChessBase"]
[SourceDate "2016.02.25"]
[SourceVersion "1"]
[SourceVersionDate "2016.02.25"]
[SourceQuality "1"]

1. e4 e5 2. Nf3 Nc6 3. Bb5 a6 4. Ba4 Nf6 5. 0-0 Be7 6. Re1 b5 7. Bb3 d6 8. c3 Bg4 9. d3 Na5 10. Bc2 c5 11. Be3 0-0 12. Nbd2 Re8 13. Nf1 Qd7 14. h3 Be6 15. Ng3 h6 16. d4 cxd4 17. cxd4 exd4 18. Nxd4 Nc4 19. Bc1 Rac8 20. b3 Na5 21. Bb2 Nc6 22. Ngf5 Nxd4 23. Nxe7+ Qxe7 24. Bxd4 Nd7 25. Rc1 Qg5 26. Be3 Qe7 27. f4 Nf8 28. f5 Bd7 29. Qg4 Qf6 30. Qg3 Rc6 31. Bb1 Rxc1 32. Bxc1 Qe5 33. Bf4 Qd4+ 34. Kh2 Qf6 35. Bxd6 Rc8 1-0

[Event "Al Ain op 3rd"]
[Site "Al Ain"]
[Date "2014.12.23"]
[Round "6"]
[White "Aliyev, Elnur Fakhraddin Og"]
[Black "Alur, Varun"]
[Result "1-0"]
[WhiteElo "2141"]
[BlackElo "1350"]
[PlyCount "49"]
[EventDate "2014.12.19"]
[EventType "swiss"]
[EventRounds "9"]
[EventCountry "UAE"]
[SourceTitle "CBM 164 Extra"]
[Source "ChessBase"]
[SourceDate "2015.03.02"]
[SourceVersion "1"]
[SourceVersionDate "2015.03.02"]
[SourceQuality "1"]

1. e4 e5 2. Nc3 Nf6 3. Bc4 Bc5 4. d3 h6 5. f4 d6 6. Nf3 Nc6 7. Na4 Bb6 8. Nxb6 axb6 9. 0-0 Bg4 10. c3 Na5 11. Bb5+ c6 12. Ba4 b5 13. Bc2 c5 14. h3 Bh5 15. g4 Nxg4 16. hxg4 Bxg4 17. Qe1 g6 18. fxe5 Bxf3 19. Rxf3 dxe5 20. Be3 b6 21. Qg3 Qe7 22. Raf1 Ra7 23. Rxf7 Qxf7 24. Qxe5+ Qe7 25. Qb8+ 1-0